[Event "Pan American-ch U12"]
[Site "Cali"]
[Date "2015.06.29"]
[Round "2"]
[White "Perez, Jerzy Jesus"]
[Black "Tobar Beltran, Jorge Esteban"]
[Result "1-0"]
[WhiteElo "1992"]
[BlackElo "1570"]
[PlyCount "38"]
[EventDate "2015.06.28"]
[EventType "swiss"]
[EventRounds "9"]
[EventCountry "COL"]
[SourceTitle "EXT 2016"]
[Source "ChessBase"]
[SourceDate "2015.10.08"]
[SourceVersion "1"]
[SourceVersionDate "2015.10.08"]
[SourceQuality "1"]

1. e4 e6 2. d4 d5 3. Nd2 Nf6 4. e5 Nfd7 5. Bd3 c5 6. c3 Nc6 7. Ne2 Qb6 8. Nf3 f6 9. exf6 Nxf6 10. 0-0 Bd6 11. g3 cxd4 12. cxd4 0-0 13. Bf4 Bxf4 14. Nxf4 Nxd4 15. Nxd4 e5 16. Nfe2 exd4 17. Nxd4 Bg4 18. Qd2 Ne4 19. Qc2 Ng5 1-0